000
00216 a2200097 4500
001
48708
100
_a
Lawrence, M.W
245
_a
The rockets red glare
260
_a
London
_b
Faction house
_c
090
_c
31621
_d
31621
942
_a
NUST-CAE
_c
M
_c
24027
999
_c
283781
_d
283781